000 00310nam a2200109Ia 4500
008 171211s9999 xx 000 0 und d
245 _aStarguard: Best Practices for Lifeguards, 3 edition
245 _cJill White
260 _c2006
650 _xFITNESS
856 _uhttp://down.ebook777.com/064/0736060758.pdf
999 _c349011
_d349011